13 Years UPSC General Studies Paper 1 to 4 (Record no. 214212)
[ view plain ]
| 000 -LEADER | |
|---|---|
| fixed length control field | 00755nam a22002417a 4500 |
| 005 - DATE AND TIME OF LATEST TRANSACTION | |
| control field | 20260116114657.0 |
| 010 ## - LCCN (DPL NO) | |
| LC control number | ENG-147501-504 |
| 020 ## - INTERNATIONAL STANDARD BOOK NUMBER | |
| International Standard Book Number | 9789371367752 |
| Terms of availability | 750.00 |
| 020 ## - INTERNATIONAL STANDARD BOOK NUMBER | |
| International Standard Book Number | 9789371368490 |
| Terms of availability | 550.00 |
| 020 ## - INTERNATIONAL STANDARD BOOK NUMBER | |
| International Standard Book Number | 9789371360074 |
| Terms of availability | 920.00 |
| 020 ## - INTERNATIONAL STANDARD BOOK NUMBER | |
| International Standard Book Number | 9789371362009 |
| Terms of availability | 730.00 |
| 035 ## - SYSTEM CONTROL NUMBER | |
| System control number | EN-131033-036 |
| 037 ## - SOURCE OF ACQUISITION | |
| Source of stock number/acquisition | DBAD |
| 082 ## - DEWEY DECIMAL CLASSIFICATION NUMBER | |
| Classification number | 000 |
| Edition number | 1 |
| 245 ## - TITLE STATEMENT | |
| Title | 13 Years UPSC General Studies Paper 1 to 4 |
| 250 ## - EDITION STATEMENT | |
| Edition statement | 1 |
| 260 ## - PUBLICATION, DISTRIBUTION, ETC. (IMPRINT) | |
| Place of publication, distribution, etc | Noida |
| Name of publisher, distributor, etc | Pearson India Education |
| Date of publication, distribution, etc | 2026 |
| 270 ## - ADDRESS | |
| Address | 15th Floor, Towe-B, World Trade Tower, Plot No.1, Block-C, Sector-16 |
| City | Noida |
| Postal code | 201301 |
| 300 ## - PHYSICAL DESCRIPTION | |
| Extent | vpp. |
| Dimensions | 23cm(pb) |
| 490 ## - SERIES STATEMENT | |
| Volume number/sequential designation | Paper 1,Paper 2, Paper 3, Paper 4 |
| 500 ## - GENERAL NOTE | |
| General note | Previous Years Papers (Mains) |
| 942 ## - ADDED ENTRY ELEMENTS (KOHA) | |
| Source of classification or shelving scheme | Dewey Decimal Classification |
| Item type | English Books |
| Classification part | 000 |
| Call number suffix | UPS |
| Withdrawn status | Lost status | Materials specified (bound volume or other part) | Not for loan | Collection code | Home library | Current library | Date acquired | Source of acquisition | Cost, normal purchase price | Full call number | Barcode | Copy number | Cost, replacement price | Koha item type |
|---|---|---|---|---|---|---|---|---|---|---|---|---|---|---|
| Paper 1 | Not For Loan | Non-fiction | Ashok Vihar | Ashok Vihar | 16/01/2026 | Delivery of Books Act Division | 750.00 | 000 UPS | EN-131033 | 1 | 750.00 | English Books | ||
| Paper 2 | Not For Loan | Non-fiction | Ashok Vihar | Ashok Vihar | 16/01/2026 | Delivery of Books Act Division | 550.00 | 000 UPS | EN-131034 | 1 | 550.00 | English Books | ||
| Paper 3 | Not For Loan | Non-fiction | Ashok Vihar | Ashok Vihar | 16/01/2026 | Delivery of Books Act Division | 920.00 | 000 UPS | EN-131035 | 1 | 920.00 | English Books | ||
| Paper 4 | Not For Loan | Non-fiction | Ashok Vihar | Ashok Vihar | 16/01/2026 | Delivery of Books Act Division | 730.00 | 000 UPS | EN-131036 | 1 | 730.00 | English Books |
